[Event "Tournoi Skype 031B"]
[Site "Skype"]
[Date "????.??.??"]
[Round "5.47"]
[White "Grib, Jessica"]
[Black "Latterra, Jeremias"]
[Result "1/2-1/2"]
[WhiteElo "1012"]
[BlackElo "1047"]
[PlyCount "86"]

1. e4 c5 2. Nf3 Nc6 3. d4 cxd4 4. Nxd4 Nxd4 5. Qxd4 d6 6. Qa4+ Bd7 7. Qb3 Qa5+
8. c3 Rb8 9. Bc4 e6 10. Be3 Ba4 11. Qa3 d5 12. b4 Qc7 13. Qxa4+ Kd8 14. Bg5+
Be7 15. Bxe7+ Nxe7 16. Bd3 a6 17. Nd2 Qxc3 18. Qa5+ b6 19. Qxa6 Qxa1+ 20. Nb1
Nc6 21. a3 dxe4 22. Bxe4 Nxb4 23. Qc4 Rc8 24. Qe2 Rc1+ 25. Kd2 Rxh1 26. axb4
Rxh2 27. Qd3+ Ke7 28. Nc3 Qb2+ 29. Ke3 Qxb4 30. Na2 Qe1+ 31. Kf3 Rd8 32. Qa3+
Kf6 33. Qb2+ Kg5 34. Qe5+ f5 35. Qxg7+ Kh5 36. Qxh7+ Kg5 37. Qe7+ Kh5 38. Qf7+
Kg5 39. Qg7+ Kh5 40. Qh7+ Kg5 41. Qg7+ Kh5 42. Qf7+ Kg5 43. Qg7+ Kh5 1/2-1/2

[Event "Tournoi Skype 031B"]
[Site "Skype"]
[Date "????.??.??"]
[Round "5.48"]
[White "Marin Gomez, Ian Javier"]
[Black "Schnell, Nicolas"]
[Result "1-0"]
[WhiteElo "1000"]
[BlackElo "1035"]
[PlyCount "57"]

1. e4 e5 2. Nf3 Nf6 3. Nc3 d6 4. Bc4 Nc6 5. h3 Be7 6. O-O O-O 7. d3 Nd7 8. Be3
Nc5 9. Qe2 Ne6 10. Rfe1 f5 11. exf5 Rxf5 12. Rad1 e4 13. dxe4 Rf6 14. Nd5 Rg6
15. Nf4 Rf6 16. Ng5 Ne5 17. Bb3 d5 18. Bxd5 c6 19. Bxe6+ Bxe6 20. Rxd8+ Bxd8
21. Ngxe6 Be7 22. Rd1 Rh6 23. Bd4 Bd6 24. Bxe5 Bxe5 25. Qc4 Rf6 26. Nc7+ Rf7
27. Nxa8 Bf6 28. e5 Bxe5 29. Rd8# 1-0

[Event "Tournoi Skype 031B"]
[Site "Skype"]
[Date "????.??.??"]
[Round "5.50"]
[White "Borg, Anthony"]
[Black "Martinez, Orlando"]
[Result "0-1"]
[WhiteElo "1297"]
[BlackElo "1000"]
[PlyCount "28"]

1. d4 d5 2. Nc3 c6 3. Bf4 Nd7 4. Qd3 e6 5. O-O-O Ngf6 6. h3 Be7 7. g4 Qa5 8. a3
b6 9. g5 Ba6 10. Qe3 Nh5 11. h4 O-O 12. g6 fxg6 13. Nf3 Nxf4 14. Qxf4 Rxf4 0-1

[Event "Tournoi Skype 031B"]
[Site "Skype"]
[Date "????.??.??"]
[Round "5.51"]
[White "Fuentes, Francisco"]
[Black "Farfallini, Michel"]
[Result "1-0"]
[WhiteElo "1000"]
[BlackElo "1446"]
[PlyCount "29"]

1. e4 e5 2. Nf3 Nc6 3. c3 Bc5 4. Bc4 Nf6 5. h3 Nxe4 6. O-O d6 7. d3 Nf6 8. Be3
Nd7 9. Bg5 f6 10. Be3 b6 11. d4 exd4 12. cxd4 d5 13. Bxd5 Bb7 14. dxc5 Nxc5 15.
Bxc5 1-0

[Event "Tournoi Skype 031B"]
[Site "Skype"]
[Date "????.??.??"]
[Round "5.52"]
[White "Barrera Mendoza, Carlos"]
[Black "Bosetti, Giancarlo"]
[Result "1-0"]
[WhiteElo "1240"]
[BlackElo "1000"]
[PlyCount "69"]

1. e4 e5 2. Nf3 Nc6 3. Nc3 Nf6 4. Bb5 a6 5. Bxc6 dxc6 6. h3 Bc5 7. O-O O-O 8.
Re1 Re8 9. d3 Ng4 10. hxg4 Bxg4 11. Be3 Be7 12. Nb1 h6 13. Nbd2 c5 14. Qb1 b6
15. Nxe5 Be6 16. Nc6 Qd6 17. Nxe7+ Rxe7 18. Qd1 Rd8 19. Qf3 Qe5 20. Rab1 b5 21.
Bf4 Qf6 22. Qg3 Qg6 23. Qxg6 fxg6 24. a3 Rf7 25. Be3 Re8 26. Bxc5 h5 27. Nf3
Bg4 28. Re3 Bxf3 29. Rxf3 Rxf3 30. gxf3 Re5 31. Be3 h4 32. Kh2 g5 33. Rg1 Kh7
34. Rxg5 Rxg5 35. Bxg5 1-0

[Event "Tournoi Skype 031B"]
[Site "Skype"]
[Date "????.??.??"]
[Round "5.53"]
[White "Yepez, German"]
[Black "Cassano, Mariangela"]
[Result "1-0"]
[WhiteElo "1171"]
[BlackElo "1000"]
[PlyCount "63"]

1. e4 e5 2. Nf3 Nc6 3. Nc3 Nf6 4. d4 Be7 5. dxe5 Nxe5 6. Nxe5 d6 7. Nf3 Be6 8.
e5 Nd7 9. exd6 cxd6 10. Bd3 O-O 11. O-O d5 12. Bf4 Nf6 13. h3 h6 14. Qd2 Bd6
15. Rad1 Nh5 16. Bxd6 Qxd6 17. Nb5 Qe7 18. Nfd4 Bd7 19. Nc7 Rac8 20. Nxd5 Qd6
21. Ne2 Qxd5 22. Bh7+ Kxh7 23. Qxd5 Bc6 24. Qxh5 g6 25. Qa5 Rfe8 26. Nd4 Bd7
27. Qd2 Be6 28. Nxe6 fxe6 29. c3 Rc4 30. Qd7+ Re7 31. Qxe7+ Kg8 32. Rd8# 1-0

[Event "Tournoi Skype 031B"]
[Site "Skype"]
[Date "????.??.??"]
[Round "5.54"]
[White "Gagnon, Sindy"]
[Black "Ortis, Yves"]
[Result "1-0"]
[WhiteElo "1000"]
[BlackElo "1147"]
[PlyCount "75"]

1. e4 c5 2. d4 e6 3. Nf3 Nc6 4. Be3 Qb6 5. Nbd2 Qxb2 6. Be2 cxd4 7. Bg5 Nb4 8.
O-O Nxc2 9. Rc1 Nb4 10. Rxc8+ Rxc8 11. Nb3 h6 12. Bd2 Nc2 13. Qc1 Qxa2 14.
Nbxd4 Qa4 15. Bb5 Bd6 16. g3 Ne7 17. Bxa4 O-O 18. Bxd7 Rc5 19. Nxc2 Rd8 20. Bb4
Rc4 21. Bb5 Rxe4 22. Bd3 Rxb4 23. Nxb4 Bxb4 24. Rd1 Nd5 25. Ne5 f6 26. Ng6 Nc3
27. Ne7+ Kf8 28. Ng6+ Kg8 29. Ne7+ Kf8 30. Ng6+ Ke8 31. Re1 e5 32. f4 Rxd3 33.
fxe5 Bc5+ 34. Kg2 b6 35. exf6+ Kd8 36. fxg7 Kc7 37. g8=Q Kc6 38. Qc2 1-0

[Event "Tournoi Skype 031B"]
[Site "Skype"]
[Date "????.??.??"]
[Round "5.55"]
[White "Schuh, David"]
[Black "Flores, Carlos"]
[Result "1-0"]
[WhiteElo "1052"]
[BlackElo "1000"]
[PlyCount "79"]

1. d4 d5 2. c4 dxc4 3. Nc3 Nf6 4. Bf4 c6 5. e3 e6 6. Bxc4 Bb4 7. Qd2 O-O 8. Nf3
a6 9. a3 Ba5 10. h3 Nbd7 11. b4 Bb6 12. O-O Re8 13. Rfe1 a5 14. e4 axb4 15.
axb4 Rxa1 16. Rxa1 h6 17. e5 Nh5 18. Be3 g5 19. Na4 Kh8 20. Nxb6 Qxb6 21. g4
Ng7 22. h4 gxh4 23. Nxh4 h5 24. g5 Nf8 25. Bd3 Qd8 26. f4 Nh7 27. Bxh7 Kxh7 28.
Qd3+ Kh8 29. b5 Nf5 30. Nxf5 exf5 31. Qe2 Kg7 32. Qxh5 Rh8 33. Qe2 Bd7 34. Ra7
cxb5 35. Qa2 Bc6 36. Ra8 Rh1+ 37. Kf2 Qxg5 38. fxg5 Rh2+ 39. Kg1 Rxa2 40. Rxa2
1-0

[Event "Tournoi Skype 031B"]
[Site "Skype"]
[Date "????.??.??"]
[Round "5.56"]
[White "Lai, Mattia"]
[Black "Gerbaux, Regis"]
[Result "1-0"]
[WhiteElo "1000"]
[BlackElo "1024"]
[PlyCount "43"]

1. d4 d5 2. Nf3 Nf6 3. c4 dxc4 4. Nc3 e6 5. e3 Nbd7 6. Bxc4 Nb6 7. Bb5+ Bd7 8.
Bd3 Bb4 9. O-O O-O 10. e4 Bxc3 11. bxc3 Ba4 12. Qe2 a6 13. e5 Nfd5 14. Ng5 Nxc3
15. Qh5 h6 16. Bh7+ Kh8 17. Bg6 Bd1 18. Nxf7+ Rxf7 19. Rxd1 Rf8 20. Rd3 Nbd5
21. Bxh6 Qd7 22. Bg5+ 1-0

[Event "Tournoi Skype 031B"]
[Site "Skype"]
[Date "????.??.??"]
[Round "5.58"]
[White "Ricord, Gerardo"]
[Black "Alcaraz Acosta, Luisa Montserrat"]
[Result "1-0"]
[WhiteElo "1000"]
[BlackElo "1000"]
[PlyCount "57"]

1. e4 c6 2. Bc4 d5 3. Bb3 Be6 4. Nc3 c5 5. d3 Nc6 6. h3 d4 7. Bxe6 dxc3 8. Bb3
e6 9. bxc3 Be7 10. Nf3 h6 11. O-O Nf6 12. Re1 b5 13. e5 Nd5 14. Bb2 Na5 15.
Bxd5 exd5 16. d4 O-O 17. dxc5 Bxc5 18. Nd4 Nc4 19. Bc1 b4 20. e6 Qh4 21. Qf3
Rad8 22. Nc6 Bxf2+ 23. Qxf2 Qh5 24. Nxd8 Rxd8 25. e7 Rf8 26. exf8=Q+ Kxf8 27.
Qc5+ Kg8 28. Qxc4 Qh4 29. Qxh4 1-0

[Event "Tournoi Skype 031B"]
[Site "Skype"]
[Date "????.??.??"]
[Round "5.59"]
[White "Schllosser, Marcos Antonio"]
[Black "Bolanos Ocampo, Sandra"]
[Result "0-1"]
[WhiteElo "1000"]
[BlackElo "1000"]
[PlyCount "72"]

1. e4 e5 2. Nf3 Nc6 3. Bc4 d6 4. c3 Nf6 5. d3 Be7 6. O-O Bg4 7. h3 Bh5 8. Re1
h6 9. Nbd2 d5 10. exd5 Nxd5 11. Nf1 Bg4 12. hxg4 Bg5 13. Bxg5 hxg5 14. Ng3 Qd7
15. Nf5 Rh7 16. Nxg5 Rh8 17. Nh7 Rxh7 18. Re4 O-O-O 19. a3 Rdh8 20. Kf1 Rh1+
21. Ke2 Rxd1 22. Kxd1 Nf6 23. Rf4 exf4 24. Ke2 g6 25. Kf3 gxf5 26. g5 Qd6 27.
Re1 Ne7 28. Bxf7 Rf8 29. g6 Qxd3+ 30. Kxf4 Nh5+ 31. Kg5 Qd2+ 32. Re3 Ng7 33. b4
b5 34. Kf4 Qd6+ 35. Re5 Nxg6+ 36. Kg5 Nxe5 0-1

[Event "Tournoi Skype 031B"]
[Site "Skype"]
[Date "????.??.??"]
[Round "5.60"]
[White "Bondone, Silvestre"]
[Black "Molina, Maria Lucia"]
[Result "1-0"]
[WhiteElo "1000"]
[BlackElo "1000"]
[PlyCount "75"]

1. e4 e5 2. d3 Nc6 3. Nd2 Nd4 4. Nc4 Qg5 5. Bxg5 Nf6 6. c3 Nc6 7. Nf3 d6 8. Be3
Bg4 9. h3 Bh5 10. g4 Bg6 11. h4 h5 12. g5 Ng4 13. Bh3 Nxe3 14. Nxe3 Be7 15. Qb3
Rb8 16. Be6 fxe6 17. Qxe6 Bf7 18. Qh3 a5 19. Nf5 O-O 20. d4 Bd8 21. dxe5 Nxe5
22. N3d4 Nc4 23. b3 Ne5 24. Qf1 b5 25. Nxb5 Be8 26. c4 Nf3+ 27. Ke2 Ne5 28. Rh3
g6 29. Nh6+ Kh8 30. Nd4 a4 31. Rb1 axb3 32. Rbxb3 Nxc4 33. Rxb8 Bd7 34. Rb4
Bxh3 35. Qxh3 Ne5 36. Qe6 Nf7 37. Nxf7+ Rxf7 38. Qxf7 1-0

[Event "Tournoi Skype 031B"]
[Site "Skype"]
[Date "????.??.??"]
[Round "6.1"]
[White "Ruiz Aguilera, Juan Jesus"]
[Black "Pirola, Gabriele"]
[Result "0-1"]
[WhiteElo "1116"]
[BlackElo "1196"]
[PlyCount "82"]

1. e4 e5 2. Nf3 Nc6 3. Nc3 Nf6 4. g3 Bc5 5. Bg2 O-O 6. O-O d6 7. d3 h6 8. Re1
Ng4 9. Be3 Nxe3 10. fxe3 Bg4 11. h3 Be6 12. d4 exd4 13. exd4 Bb6 14. Kh1 Bc4
15. b3 Ba6 16. d5 Ne5 17. Nxe5 dxe5 18. Bf1 Bxf1 19. Rxf1 Qg5 20. Kg2 Bd4 21.
h4 Qg6 22. Qf3 Bxc3 23. Qxc3 Qxe4+ 24. Qf3 Qxc2+ 25. Rf2 Qc5 26. Qd1 c6 27. Rc1
Qxd5+ 28. Qxd5 cxd5 29. Rc5 Rfd8 30. Rf5 f6 31. Rf1 d4 32. Rd1 b6 33. Rc2 Rac8
34. Rdc1 Rxc2+ 35. Rxc2 d3 36. Rd2 e4 37. Kf2 f5 38. Ke3 Kf7 39. g4 Kf6 40. h5
g6 41. Kf4 g5+ 0-1

[Event "Tournoi Skype 031B"]
[Site "Skype"]
[Date "????.??.??"]
[Round "6.2"]
[White "Nicolini, Francesco"]
[Black "Cockayne, Curtis"]
[Result "1-0"]
[WhiteElo "1165"]
[BlackElo "1383"]
[PlyCount "79"]

1. e4 e5 2. Bc4 Nf6 3. Nc3 Bc5 4. h3 O-O 5. d3 c6 6. Qf3 b5 7. Bb3 Qa5 8. Bg5
d5 9. Bxf6 Nd7 10. Bxg7 Kxg7 11. exd5 cxd5 12. Qxd5 Bxf2+ 13. Kxf2 Rb8 14. Nf3
Qb6+ 15. Ke2 Qf6 16. Rhf1 a6 17. Ne4 Nb6 18. Nxf6 Nxd5 19. Nxd5 Be6 20. Nxe5
Rb7 21. Rf2 f6 22. Raf1 fxe5 23. Rxf8 Rf7 24. R8xf7+ Bxf7 25. Nc7 Bh5+ 26. g4
Bg6 27. Nxa6 h5 28. c4 bxc4 29. Bxc4 hxg4 30. hxg4 Kh6 31. b4 Kg5 32. Kf3 Kf6
33. b5 Ke7 34. b6 Kd7 35. b7 e4+ 36. dxe4 Bxe4+ 37. Kxe4 Kd6 38. b8=Q+ Kd7 39.
Rf7+ Kc6 40. Qc7# 1-0

[Event "Tournoi Skype 031B"]
[Site "Skype"]
[Date "????.??.??"]
[Round "6.4"]
[White "Castillo, David"]
[Black "Parrales, Rodolfo"]
[Result "1-0"]
[WhiteElo "1449"]
[BlackElo "1220"]
[PlyCount "109"]

1. d4 g6 2. Nf3 Bg7 3. c3 d6 4. e4 Nc6 5. Bb5 Bd7 6. d5 Ne5 7. Bxd7+ Qxd7 8.
Bf4 Qb5 9. Nxe5 dxe5 10. Bc1 Nf6 11. a4 Qd7 12. Nd2 c6 13. c4 cxd5 14. cxd5 O-O
15. O-O e6 16. dxe6 Qxe6 17. Qe2 Rac8 18. Nf3 Rfe8 19. Re1 Qb3 20. Ra3 Qc4 21.
Qxc4 Rxc4 22. Nd2 Rc2 23. Rc3 Rxc3 24. bxc3 Nd7 25. Nb3 Rc8 26. Bd2 b6 27. Rd1
Nf6 28. f3 Bf8 29. Kf1 Ba3 30. Be1 Bb2 31. Rb1 Bxc3 32. Rc1 Rc4 33. Bxc3 Nd7
34. a5 f5 35. exf5 gxf5 36. axb6 axb6 37. Nd2 Rc6 38. Nb3 e4 39. fxe4 fxe4 40.
Ke2 Rg6 41. g3 Rh6 42. h4 Rg6 43. Be1 Re6 44. Rc8+ Kf7 45. Nd4 Re8 46. Rc7 Ke7
47. Bb4+ Kd8 48. Rc6 Re5 49. Ne6+ Ke8 50. Rc8+ Kf7 51. Ng5+ Kg6 52. g4 Nf6 53.
Rc6 h6 54. Bc3 Re8 55. Rxf6+ 1-0

[Event "Tournoi Skype 031B"]
[Site "Skype"]
[Date "????.??.??"]
[Round "6.6"]
[White "Duthoit, Bernard"]
[Black "De Nobrega, George"]
[Result "0-1"]
[WhiteElo "1320"]
[BlackElo "1181"]
[PlyCount "40"]

1. e4 e5 2. Nf3 Nc6 3. Bc4 h6 4. d3 Bc5 5. Bb5 Nge7 6. Nc3 a6 7. Ba4 O-O 8. a3
d6 9. Be3 Bxe3 10. fxe3 Bd7 11. Nd5 Nxd5 12. exd5 Ne7 13. Bxd7 Qxd7 14. e4 Ng6
15. O-O Rac8 16. d4 Qe7 17. Qe1 c6 18. c4 Rfe8 19. dxe5 Nxe5 20. Qh4 Nxf3+ 0-1

[Event "Tournoi Skype 031B"]
[Site "Skype"]
[Date "????.??.??"]
[Round "6.7"]
[White "Ponz Lazaro, Ruperto"]
[Black "Franco Flores, Ximena"]
[Result "0-1"]
[WhiteElo "1312"]
[BlackElo "1074"]
[PlyCount "58"]

1. d4 Nf6 2. Nf3 d6 3. e3 g6 4. Bd3 Bg7 5. c3 Nbd7 6. Nbd2 O-O 7. O-O Re8 8.
Qe2 e5 9. dxe5 dxe5 10. e4 Nc5 11. Bc2 a5 12. Nb3 Qe7 13. Nxc5 Qxc5 14. h3 b6
15. Be3 Qc6 16. Bg5 Ba6 17. Bd3 Bxd3 18. Qxd3 Nxe4 19. Be3 Nd6 20. Qc2 e4 21.
Bd4 exf3 22. Bxg7 fxg2 23. Rfe1 Kxg7 24. Qd3 Nf5 25. Kh2 Rad8 26. Qc2 Qf3 27.
Rad1 Rxe1 28. Rxe1 Rd3 29. Rg1 Qxh3# 0-1

[Event "Tournoi Skype 031B"]
[Site "Skype"]
[Date "????.??.??"]
[Round "6.9"]
[White "Pandey, Dharmendra Kumar"]
[Black "Raut, Suryakant"]
[Result "0-1"]
[WhiteElo "1099"]
[BlackElo "1249"]
[PlyCount "42"]

1. e4 c5 2. Nf3 d6 3. d4 cxd4 4. Nxd4 Nf6 5. Nc3 g6 6. h3 Bg7 7. Bd3 O-O 8. O-O
Nc6 9. Nf3 a6 10. Be3 b5 11. a3 Bb7 12. Qd2 Re8 13. Bh6 Bh8 14. Nd5 e6 15. Nc3
Qc7 16. Rfe1 Rad8 17. Bg5 Na5 18. e5 dxe5 19. Nxe5 Nc4 20. Nxc4 bxc4 21. Be2
Rxd2 0-1

[Event "Tournoi Skype 031B"]
[Site "Skype"]
[Date "????.??.??"]
[Round "6.10"]
[White "Guevara, Lizbeth"]
[Black "Hernandez Monzon, Alejandro"]
[Result "1/2-1/2"]
[WhiteElo "1129"]
[BlackElo "1240"]
[PlyCount "96"]

1. e4 e6 2. d4 d5 3. e5 g6 4. Nf3 Nd7 5. Bf4 Bg7 6. Bd3 Ne7 7. c3 O-O 8. Nbd2
c5 9. Qc2 a6 10. b3 cxd4 11. cxd4 b5 12. O-O Bb7 13. Qd1 f6 14. Qe2 fxe5 15.
Ng5 Rf6 16. dxe5 Rxf4 17. Nxe6 Qb8 18. Nxf4 Bxe5 19. Qg4 Bxf4 20. Qe6+ Kf8 21.
Nf3 Qd6 22. Rae1 Qxe6 23. Rxe6 Nc5 24. Rf6+ Kg7 25. Rxf4 Nxd3 26. Rg4 Rf8 27.
Nh4 d4 28. Rxd4 Nf4 29. Re1 Rf7 30. Rd7 Ned5 31. Rd8 Ne7 32. Re5 Nf5 33. Nxf5+
gxf5 34. Ree8 Kh6 35. Rd6+ Kh5 36. f3 Rg7 37. g3 Bxf3 38. Kf2 Kg4 39. gxf4 Kxf4
40. Rd4+ Be4 41. Kf1 Kf3 42. Rd2 Ke3 43. Re2+ Kf4 44. Kf2 Rg2+ 45. Ke1 Rg1+ 46.
Kd2 Rg2 47. Ke1 Rg1+ 48. Kd2 Rg2 1/2-1/2

[Event "Tournoi Skype 031B"]
[Site "Skype"]
[Date "????.??.??"]
[Round "6.11"]
[White "Fedeli, Emma"]
[Black "Linares Vernet, Ana"]
[Result "1-0"]
[WhiteElo "1273"]
[BlackElo "1142"]
[PlyCount "59"]

1. d4 d5 2. c4 c6 3. Nc3 Nf6 4. Nf3 Bg4 5. Ne5 Be6 6. Bf4 Ng4 7. Nxg4 Bxg4 8.
f3 Be6 9. e4 f6 10. cxd5 cxd5 11. Qb3 Qc8 12. Nxd5 Bxd5 13. Qxd5 e6 14. Qb3 a6
15. Rc1 Nc6 16. d5 Bb4+ 17. Bd2 Bxd2+ 18. Kxd2 exd5 19. exd5 Qd7 20. Bc4 Na5
21. Rhe1+ Kd8 22. Qb6+ Qc7 23. Qxc7+ Kxc7 24. Bd3+ Kd6 25. b4 Nb3+ 26. axb3
Kxd5 27. Re7 Rac8 28. Bc4+ Kd6 29. Rce1 Rc7 30. R1e6# 1-0

[Event "Tournoi Skype 031B"]
[Site "Skype"]
[Date "????.??.??"]
[Round "6.12"]
[White "Balci Gungor, Ayca"]
[Black "Battaglia, Gabriele"]
[Result "0-1"]
[WhiteElo "1145"]
[BlackElo "1228"]
[PlyCount "148"]

1. e4 c5 2. Bc4 Nc6 3. Nf3 d6 4. O-O Nf6 5. d3 g6 6. Nc3 Bg7 7. Bd2 O-O 8. Re1
Bg4 9. h3 Bxf3 10. Qxf3 Ne5 11. Qf4 Nxc4 12. dxc4 Qd7 13. Nd5 Nh5 14. Qg4 Qxg4
15. hxg4 Nf6 16. Nxe7+ Kh8 17. f3 Rfe8 18. Nd5 Rad8 19. Bg5 Re6 20. Re3 h6 21.
Bh4 g5 22. Bg3 Rd7 23. Rae1 Ne8 24. c3 Kg8 25. f4 Nf6 26. f5 Re8 27. Nxf6+ Bxf6
28. Bf2 Be5 29. Rh3 Kh7 30. b4 b6 31. bxc5 dxc5 32. Rf3 Rd2 33. g3 Red8 34. f6
Rxa2 35. Rf5 Bxc3 36. Re3 Bd4 37. Rd5 Rxd5 38. cxd5 Bxe3 39. Bxe3 Re2 40. Bf2
Rxe4 41. d6 Re8 42. d7 Rd8 43. Kg2 Rxd7 44. Kf3 Rd6 45. Be3 Rxf6+ 46. Ke4 Re6+
47. Kf3 Kg7 48. Bf2 Kf6 49. Be3 Ke7 50. Ke2 Kd7 51. Kd2 Re4 52. Kd3 Rxg4 53.
Kd2 Rxg3 54. Bf2 Rg4 55. Ke2 c4 56. Be1 b5 57. Bc3 h5 58. Be1 h4 59. Kf3 h3 60.
Bg3 Rd4 61. Bh2 g4+ 62. Kg3 c3 63. Bg1 c2 64. Bxd4 c1=Q 65. Kxg4 Qd1+ 66. Kxh3
Qxd4 67. Kg3 Qf6 68. Kg4 Ke6 69. Kg3 Ke5 70. Kg4 Ke4 71. Kg3 Qf3+ 72. Kh4 Qg2
73. Kh5 Kf5 74. Kh6 Qg6# 0-1

[Event "Tournoi Skype 031B"]
[Site "Skype"]
[Date "????.??.??"]
[Round "6.13"]
[White "Ruiz Gomez, Luz Alba"]
[Black "Le Bouill, Pierre"]
[Result "1-0"]
[WhiteElo "1201"]
[BlackElo "1223"]
[PlyCount "69"]

1. d4 Nf6 2. Bf4 e6 3. e3 Be7 4. h3 h6 5. Nd2 d5 6. Ngf3 Nbd7 7. Be2 O-O 8. O-O
Nh7 9. c3 Bg5 10. Bh2 b6 11. Ne5 Bb7 12. Bg4 Be7 13. f4 Nhf6 14. b4 Nxg4 15.
Qxg4 Nf6 16. Qf3 Ba6 17. Rfe1 Bb7 18. a4 a5 19. b5 Ne8 20. e4 Nf6 21. exd5 Nxd5
22. c4 Bb4 23. Rad1 Rb8 24. cxd5 Bxd5 25. Qg4 Qe7 26. Re3 f5 27. Qh5 Rf6 28.
Rg3 Qe8 29. Qh4 Be7 30. Re3 Rf7 31. Qh5 Rf6 32. Qxe8+ Rxe8 33. Bg3 Kh7 34. Ndf3
Bb3 35. Rxb3 1-0

[Event "Tournoi Skype 031B"]
[Site "Skype"]
[Date "????.??.??"]
[Round "6.14"]
[White "Castanha, Marco"]
[Black "Barba Cepeda, Julio Cesar"]
[Result "1-0"]
[WhiteElo "1144"]
[BlackElo "1173"]
[PlyCount "77"]

1. e4 e5 2. Nf3 Nc6 3. Bc4 Bc5 4. d3 Nf6 5. Nc3 d6 6. Bg5 h6 7. Bh4 Bg4 8. Nd5
g5 9. Nxf6+ Qxf6 10. Bg3 Nd4 11. Qd2 Nxf3+ 12. gxf3 Bxf3 13. Rg1 Bb6 14. c3 h5
15. h3 h4 16. Bh2 Qg7 17. Rxg5 Qh6 18. Rg8+ Kd7 19. Qxh6 Raxg8 20. Qf6 Bh5 21.
d4 exd4 22. cxd4 Re8 23. Bb5+ c6 24. Qxd6+ Kc8 25. Qb8+ Kd7 26. Qxb7+ Ke6 27.
Bc4+ Kf6 28. Be6 Bxd4 29. Bc4 Rxe4+ 30. Kd2 Re2+ 31. Kd3 c5 32. Qc6+ Kg7 33.
Rg1+ Kh7 34. Rg5 Rxf2 35. Rxh5+ Kg8 36. Qg6+ Kf8 37. Rxh8+ Bxh8 38. Bd6+ Ke8
39. Bb5+ 1-0

[Event "Tournoi Skype 031B"]
[Site "Skype"]
[Date "????.??.??"]
[Round "6.15"]
[White "Crocioni, Luca"]
[Black "Scata, Laura"]
[Result "0-1"]
[WhiteElo "1148"]
[BlackElo "1370"]
[PlyCount "114"]

1. d4 c6 2. e4 d5 3. exd5 cxd5 4. Bf4 a6 5. h3 Nf6 6. Be2 Nc6 7. Nf3 Qb6 8. b3
h6 9. c3 Bf5 10. Nbd2 e6 11. O-O Qd8 12. Re1 Bd6 13. Bh2 Bxh2+ 14. Nxh2 O-O 15.
Ndf3 Ne4 16. Qc1 Qf6 17. Qe3 Rfc8 18. Rac1 Qd8 19. Nd2 Qa5 20. Nxe4 Bxe4 21.
Bf3 Bf5 22. Qe2 Ne7 23. Qe3 Qxa2 24. c4 Qa5 25. Ra1 Qd8 26. Qe5 Nc6 27. Qe2
Nxd4 28. Qe5 Nxf3+ 29. Nxf3 dxc4 30. Red1 Qc7 31. Qc3 cxb3 32. Qxb3 Bc2 33.
Rac1 Bxb3 34. Rxc7 Rxc7 35. Rb1 Bd5 36. Nd4 Rac8 37. Rb6 Rc4 38. Ne2 Rc2 39.
Nf4 R8c7 40. Nxd5 exd5 41. Rd6 Rd2 42. g4 d4 43. h4 d3 44. g5 hxg5 45. hxg5 g6
46. Kg2 a5 47. Kg3 Rd1 48. Kf4 Rc5 49. Ke3 b5 50. Kd4 Rc4+ 51. Ke5 a4 52. Kf6
Rf4+ 53. Ke7 b4 54. Rd8+ Kg7 55. Ke8 Re4+ 56. Kd7 Rd4+ 57. Ke7 Rxd8 0-1

[Event "Tournoi Skype 031B"]
[Site "Skype"]
[Date "????.??.??"]
[Round "6.16"]
[White "Quiel, Aristoteles"]
[Black "Hargez, Dany"]
[Result "1-0"]
[WhiteElo "1161"]
[BlackElo "1296"]
[PlyCount "61"]

1. d4 d5 2. c4 Nf6 3. Nc3 e6 4. a3 Nc6 5. Nf3 Ne4 6. Qb3 Bd6 7. cxd5 e5 8. dxc6
O-O 9. Bg5 Nxg5 10. cxb7 Bxb7 11. Qxb7 Rb8 12. Qxa7 Rxb2 13. Nxg5 Qxg5 14. Ne4
Qd8 15. Rd1 Rb8 16. dxe5 Qe7 17. Nxd6 Qxe5 18. Qxc7 Qf6 19. h4 Rbd8 20. g4 h6
21. Rh3 Qe6 22. Rf3 Rd7 23. Qb6 f6 24. Bh3 g5 25. hxg5 hxg5 26. Re3 Qa2 27. Bg2
Kg7 28. Bd5 Qc2 29. Be4 Qc8 30. Nxc8 Rxc8 31. Rxd7+ 1-0

[Event "Tournoi Skype 031B"]
[Site "Skype"]
[Date "????.??.??"]
[Round "6.17"]
[White "Moumtaz, Abderrahim"]
[Black "Rosenkoetter, David"]
[Result "1-0"]
[WhiteElo "1279"]
[BlackElo "1169"]
[PlyCount "89"]

1. d4 c6 2. c4 Nf6 3. Nc3 d5 4. cxd5 cxd5 5. Nf3 Bf5 6. Qb3 Qc7 7. Nxd5 Nxd5 8.
Qxd5 e6 9. Qb3 Nc6 10. e3 Bb4+ 11. Bd2 Bxd2+ 12. Nxd2 O-O 13. Bd3 Bg4 14. Ne4
Rac8 15. Rc1 b6 16. Bb5 Qb7 17. Nd6 Qc7 18. Nxc8 Qd7 19. Nd6 Qxd6 20. Rxc6 Qd5
21. Qxd5 exd5 22. Rd6 Rc8 23. O-O g6 24. Rxd5 Kg7 25. Rd7 Bxd7 26. Bxd7 Rc2 27.
Rb1 Rc7 28. Bb5 Rc2 29. a4 Rc8 30. d5 Rd8 31. Rd1 f6 32. d6 Kf7 33. Bc4+ Ke8
34. Bb5+ Kf7 35. d7 Ke7 36. e4 g5 37. f3 h6 38. g4 Ke6 39. Kf2 Ke5 40. Ke3 Ke6
41. f4 Ke7 42. f5 Kf8 43. Rd6 Ke7 44. Re6+ Kf7 45. Re8 1-0

[Event "Tournoi Skype 031B"]
[Site "Skype"]
[Date "????.??.??"]
[Round "6.18"]
[White "Codina, Teresa"]
[Black "Guillaume, Mickael"]
[Result "0-1"]
[WhiteElo "1274"]
[BlackElo "1126"]
[PlyCount "68"]

1. d4 d5 2. b3 b6 3. Bb2 Ba6 4. Nf3 Nd7 5. Nbd2 e6 6. e3 Ngf6 7. Bxa6 Rb8 8.
Be2 Bd6 9. O-O c5 10. h3 Qc7 11. Re1 O-O 12. Rc1 cxd4 13. Bxd4 e5 14. Bb2 b5
15. c4 bxc4 16. Nf1 Bb4 17. N1d2 e4 18. Nd4 Ne5 19. Rf1 Qa5 20. f4 Bxd2 21. Rc2
Bxe3+ 22. Kh1 Nd3 23. Bxd3 exd3 24. Nc6 dxc2 25. Nxa5 cxd1=Q 26. Rxd1 Rb5 27.
Nc6 Re8 28. Bxf6 gxf6 29. Nxa7 Bxa7 30. bxc4 dxc4 31. Rd7 Ra5 32. Rc7 Re4 33.
f5 Rxa2 34. Kh2 Bb8 0-1

[Event "Tournoi Skype 031B"]
[Site "Skype"]
[Date "????.??.??"]
[Round "6.19"]
[White "Cengiz, Ali Ekber"]
[Black "Mira Poveda, Jose Antonio"]
[Result "0-1"]
[WhiteElo "1266"]
[BlackElo "1154"]
[PlyCount "64"]

1. e4 e5 2. Nf3 Nc6 3. Nc3 Bc5 4. Be2 Nf6 5. h3 O-O 6. d3 d5 7. exd5 Nxd5 8.
Ne4 Bb6 9. O-O Bf5 10. Ng3 Be6 11. Bg5 f6 12. Bc1 Qd7 13. Kh2 Nf4 14. Bxf4 exf4
15. Ne4 h6 16. c3 f5 17. Ned2 Qd6 18. d4 Ne7 19. Re1 c5 20. Bc4 Rf6 21. Bxe6+
Rxe6 22. Ne4 fxe4 23. Ne5 f3 24. g3 Nf5 25. Rxe4 cxd4 26. Qb3 Rae8 27. Rae1
dxc3 28. Qxc3 Bxf2 29. Qxf3 Bxg3+ 30. Kg2 Nh4+ 31. Kxg3 Nxf3 32. Kxf3 Rxe5 0-1

[Event "Tournoi Skype 031B"]
[Site "Skype"]
[Date "????.??.??"]
[Round "6.20"]
[White "Khatanhar, Mohit"]
[Black "Bucherie, Volcy"]
[Result "1-0"]
[WhiteElo "1139"]
[BlackElo "1264"]
[PlyCount "61"]

1. e4 c6 2. d4 d5 3. exd5 cxd5 4. c3 Nc6 5. Nf3 Nf6 6. Bd3 e6 7. O-O Bd6 8. Re1
O-O 9. Be3 Ne4 10. Nbd2 Bd7 11. Bxe4 dxe4 12. Nxe4 Qc7 13. Nxd6 Qxd6 14. Qd3
Rac8 15. Ng5 g6 16. Qd2 Na5 17. Bf4 Qd5 18. Ne4 Nc4 19. Nf6+ Kg7 20. Nxd5 Nxd2
21. Bxd2 exd5 22. Re7 Bc6 23. Rae1 a6 24. Bf4 b5 25. R1e3 a5 26. Rh3 Kf6 27.
Rhe3 Kf5 28. R7e5+ Kxf4 29. Rf3+ Kg4 30. h3+ Kh4 31. Rf4# 1-0

[Event "Tournoi Skype 031B"]
[Site "Skype"]
[Date "????.??.??"]
[Round "6.22"]
[White "Bankhede, Shivkumar"]
[Black "Ibanez, Bittor"]
[Result "1-0"]
[WhiteElo "1226"]
[BlackElo "1047"]
[PlyCount "67"]

1. e4 c5 2. Nf3 d6 3. d3 e5 4. Nc3 Nf6 5. h3 Be7 6. Be2 Nbd7 7. O-O O-O 8. Bg5
h6 9. Be3 b6 10. a3 Bb7 11. Qd2 Nh7 12. Nd5 Bg5 13. Nxg5 Nxg5 14. Bxg5 Qxg5 15.
Qxg5 hxg5 16. Nc7 Rac8 17. Nb5 d5 18. Nxa7 Rcd8 19. exd5 Bxd5 20. Nb5 Nf6 21.
Rad1 g6 22. Nc7 Nh5 23. Bxh5 gxh5 24. Rfe1 f6 25. c4 Bf7 26. Nb5 h4 27. Nc3 Bh5
28. f3 Bg6 29. Nd5 Rd6 30. Kf2 Kf7 31. g3 Ke6 32. gxh4 gxh4 33. f4 Kf5 34. Ne7+
1-0

[Event "Tournoi Skype 031B"]
[Site "Skype"]
[Date "????.??.??"]
[Round "6.23"]
[White "Torres, Vicky"]
[Black "Rodriguez, Nathalie"]
[Result "1-0"]
[WhiteElo "1091"]
[BlackElo "1224"]
[PlyCount "53"]

1. Nc3 d5 2. e4 Nf6 3. exd5 Nxd5 4. Bc4 c6 5. Nf3 h6 6. d4 Nxc3 7. bxc3 Qa5 8.
Bb2 Nd7 9. O-O e5 10. Re1 Be7 11. dxe5 Qc5 12. Qd4 O-O 13. e6 Nf6 14. exf7+
Rxf7 15. Bxf7+ Kxf7 16. Ne5+ Kg8 17. Ng6 Qxd4 18. cxd4 Kh7 19. Nxe7 Bd7 20. c4
Rf8 21. Ba3 Ng4 22. f3 Nf6 23. d5 cxd5 24. Nxd5 Rf7 25. Re7 Kg8 26. Nxf6+ Rxf6
27. Rxd7 1-0